000 00632nam a2200205 u 4500
005 20240912063916.0
008 090209s2007 r 000 0 eng d
020 _a9789875382039
035 _aUPN01000169008
049 _aCG
050 4 _aLC41
_bJ8.2
100 1 _aJungman, Eva
245 1 0 _aAdolescencia, tutorias y escuela :
_btrabajo participativo y promoción de la salud /
_cEva Jungman.
260 _aBuenos Aires :
_bNovedades Educativas,
_c2007.
300 _a109 p.
440 0 _aEnsayos y experiencias ;
_v67
650 4 _aTutoría en la educación
_95718
650 4 _aTutores (Educación)
_95717
905 _aLibro
999 _c141114
_d141114